000 00722nam a2200265Ia 4500
005 20260121171645.0
008 008 260114s9999 xx 000 0 eng d
020 _a9783030298401
037 _aEBOOK
040 _aCRL
040 _beng
040 _cCRL
041 _2eng
041 _aeng
084 _qCRL
100 _aJan Filip, Tomáš Cajthaml, Petra Najmanová, Miroslav ?erník, Radek Zbo?il
_91078908
245 0 _aAdvanced Nano-Bio Technologies for Water and Soil Treatment
260 _bSpringer
260 _bSpringer
260 _c2020
856 _uhttps://link.springer.com/openurl?genre=book&isbn=978-3-030-29840-1
942 _cEBOOK
999 _c1644638
_d1644638